Bibliografie chráněných částí přírody v ČR za rok ... : anotované záznamy
| Předchozí název: |
Bibliografie chráněných částí přírody v ČSR za rok ... Bibliografie chráněných částí přírody v ČSR za rok ... |
|---|---|
| Korporativní autor: | Agentura ochrany přírody a krajiny ČR |
| Jazyk: | Čeština |
| Vydáno: |
Praha : Agentura ochrany přírody a krajiny České republiky, 1992-1998 |
| Témata: | |
| Fyzický popis: |
^^^sv. ; 21 cm |
| Odebírané ročníky: |
1993-96 |
Noviny a časopisy
| LEADER | 02339nas a22005172a 4500 | ||
|---|---|---|---|
| 001 | 000283742 | ||
| 003 | CZ BrMZK | ||
| 005 | 20240105141214.0 | ||
| 008 | 961119d19921998xr ar | b0cze | ||
| 015 | |a cnb000173468 |z cnb000072810 | ||
| 022 | |a 0862-1470 | ||
| 040 | |a BOA001 |b cze | ||
| 043 | |a e-xr--- | ||
| 045 | |a x9x9 | ||
| 072 | 7 | |a 502 |x Životní prostředí a jeho ochrana |2 Konspekt |9 2 | |
| 080 | |a 502.21(1-751.2) |2 MRF | ||
| 080 | |a 502.17 |2 MRF | ||
| 080 | |a (437.3) |2 MRF | ||
| 080 | |a (01) |2 MRF | ||
| 210 | 1 | |a Bibliogr. chrán. částí přír. ČR rok | |
| 222 | 0 | |a Bibliografie chráněných částí přírody v ČR za rok ... | |
| 245 | 0 | 0 | |a Bibliografie chráněných částí přírody v ČR za rok ... : |b anotované záznamy |
| 260 | |a Praha : |b Agentura ochrany přírody a krajiny České republiky, |c 1992-1998 | ||
| 300 | |a ^^^sv. ; |c 21 cm | ||
| 310 | |a Ročenka | ||
| 362 | 0 | |a Za r. 1989/90 (vyd. 1992) - za r. 1996 (vyd. 1998) | |
| 500 | |a Součástí názvu je označení běžného roku | ||
| 500 | |a Jednotlivé svazky mají čísla ISBN | ||
| 588 | |a Popsáno podle: r. 1993 |5 CZ-PrNK | ||
| 650 | 0 | 7 | |a ochrana přírody |7 ph115552 |z Česko |2 czenas |
| 650 | 0 | 7 | |a chráněná území |7 ph114251 |z Česko |2 czenas |
| 650 | 0 | 9 | |a Nature conservation |z Czechia |2 eczenas |
| 653 | 0 | |a CHKO |a chráněná území |a ochrana přírody |a Česko | |
| 655 | 7 | |a bibliografie |7 fd131898 |2 czenas | |
| 655 | 9 | |a Bibliography |2 eczenas | |
| 710 | 2 | |a Agentura ochrany přírody a krajiny ČR |7 ko2002148930 | |
| 780 | 0 | 0 | |t Bibliografie chráněných částí přírody v ČSR za rok ... |
| 780 | 0 | 0 | |t Bibliografie chráněných částí přírody v ČSR za rok ... |
| 910 | |a BOA001 |b X-0454.507 |r 1993-96 | ||
| 964 | |a Území chráněná |y Česko |x bibliografie | ||
| 964 | |a Příroda |x ochrana |y Česko |x bibliografie | ||
| 990 | |a SE | ||
| 996 | 6 | |b 2610030211 |c X-0454.507 |d 1993 |y 1993 |l MZK |r Sklad / do 24 hodin |n 0 |w 000283742 |u 000010 |a 1 |e BOA001 |j MZK50 |s P | |
| 996 | 6 | |b 2610047616 |c X-0454.507 |d 1994 |y 1994 |l MZK |r Sklad / do 24 hodin |n 0 |w 000283742 |u 000020 |a 1 |e BOA001 |j MZK50 |s P | |
| 996 | 6 | |b 2610064821 |c X-0454.507 |d 1995 |y 1995 |l MZK |r Sklad / do 24 hodin |n 0 |p p.v. |w 000283742 |u 000030 |a 1 |e BOA001 |j MZK50 |s P | |
| 996 | 6 | |b 2610091531 |c X-0454.507 |d 1996 |y 1996 |l MZK |r Sklad / do 24 hodin |n 0 |p p.v. |w 000283742 |u 000040 |a 1 |e BOA001 |j MZK50 |s P | |
English
Čeština 